000
00279nam a2200109Ia 4500
008
190914s9999||||xx |||||||||||||| ||und||
100
_a
Gerald M. Meier
245
0
_a
Leading Issues in Economic Development
260
_a
New Delhi
_b
McGraw Hill
_c
1998
300
_a
160
942
_c
BK
999
_c
8383
_d
8383